000
00294nam a22001337a 4500
008
170622b xxu||||| |||| 00| 0 eng d
020
_a
9780495062943
041
_a
eng
080
_2
5 ED
_a
32
100
_a
21
101
_a
SHP
245
_a
COMPARATIVE POLITICS
_c
HAUSS.CH
942
_2
udc
_c
BK
999
_c
18851
_d
18851